State of professional public health education in Bangladesh /

Bibliographic Details
Other Authors: Chowdhury, A. M. Raza (Contributor), Ahmed, Shehlina (Contributor), Hussin, Abu Muhammad Zakir (Contributor), Ali, Liaquat (Contributor), Rahman, Ataur (Contributor), Faisel, Abu Jamil (Contributor), Hena, Ismat Ara (Contributor), Amin, Selina (Contributor), Rahman, Sharmin (Contributor), Lopa, Nondini (Contributor), Naher, Nahitun (Contributor), Tasnim, Zarin (Contributor), Hasan, Nuruzzaman Shajedul (Contributor), Talukder, Humayun Kabir (Contributor), Islam, Mohammad Zahirul (Contributor), Rashid, Sabina Faiz (Contributor)
Format: Book
Language:English
Published: Dhaka : Bangladesh Health Watch, 2024.
Series:Bangladesh Health Watch Report 2023-2024
Subjects:
Classic Catalogue: View this record in Classic Catalogue
LEADER 03036nam a22005657a 4500
001 44288
003 BD-DhAAL
005 20251019153217.0
008 250423t2024 bg a|||| |||| 00| 0 eng d
020 |a 9789843519689 
040 |a BD-DhAAL  |d BD-DhAAL 
082 |a 362.1095492  |2 23 
245 |a State of professional public health education in Bangladesh /   |c Bangladesh Health Watch. 
246 |i At head of title:  |a Bangladesh health watch report 2023-2024 
260 |a Dhaka :  |b Bangladesh Health Watch,  |c 2024. 
300 |a 131 pages :  |b illustrations ;  |c 27 cm 
504 |a Includes bibliographical references 
526 |a AAL 
541 |a Donated by Dr. Ahmed Mushtaque Raza Chowdhury (Former Vice Chairperson of BRAC) 6409, 44371, 44372  |e 44287, 44288 
650 |a Public health  |z Bangladesh. 
650 |a Health education  |z Bangladesh. 
650 |a Hygiene  |z Bangladesh. 
650 |a Health surveys  |z Bangladesh. 
650 |a Medical policy  |z Bangladesh.  |9 1391 
650 |a Health planning  |z Bangladesh.  |9 1392 
650 |a Rural health  |z Bangladesh. 
700 |a Chowdhury, A. M. Raza,  |4 contributor. 
700 |a Ahmed, Shehlina,  |e contributor.  |9 59637 
700 |a Hussin, Abu Muhammad Zakir,  |e contributor.  |9 59638 
700 |a Ali, Liaquat,  |e contributor.  |9 59664 
700 |a Rahman, Ataur,  |e contributor.  |9 48148 
700 |a Faisel, Abu Jamil,  |e contributor.  |9 59665 
700 |a Hena, Ismat Ara,  |e contributor.  |9 59666 
700 |a Amin, Selina,  |e contributor.  |9 59667 
700 |a Rahman, Sharmin,  |e contributor.  |9 59668 
700 |a Rahman, Sharmin,  |e contributor.  |9 59668 
700 |a Lopa, Nondini,  |e contributor.  |9 59669 
700 |a Naher, Nahitun,  |e contributor.  |9 24044 
700 |a Tasnim, Zarin,  |e contributor.  |9 59670 
700 |a Hasan, Nuruzzaman Shajedul,  |e contributor.  |9 59671 
700 |a Talukder, Humayun Kabir,  |e contributor.  |9 59672 
700 |a Islam, Mohammad Zahirul,  |e contributor.  |9 59673 
700 |a Rashid, Sabina Faiz,  |e contributor.  |9 38244 
710 |a Bangladesh Health Watch,  |e associated name.  |9 58112 
710 |a BRAC James P. Grant School of Public Health, (BRAC University),  |e associated name.  |9 58133 
830 |a Bangladesh Health Watch Report 2023-2024  |9 58132 
942 |2 ddc  |c BK 
999 |c 47284  |d 47284 
952 |0 0  |1 0  |2 ddc  |4 0  |6 362_109549200000000_SAT  |7 1  |9 77634  |a BRACUL  |b BRACUL  |c AMRC  |d 2025-04-23  |e Complimentary copy from Dr. Ahmed Mushtaque Raza Chowdhury (Former Vice Chairperson of BRAC)   |l 0  |o 362.1095492 SAT  |p 3010044388  |r 2025-04-23  |t 2  |w 2025-04-23  |y BK  |x Complimentary copy received from Dr. Ahmed Mushtaque Raza Chowdhury (Former Vice Chairperson of BRAC) on 17 April 2025 
952 |0 0  |1 0  |2 ddc  |4 0  |6 362_109549200000000_SAT  |7 1  |9 77635  |a BRACUL  |b BRACUL  |c AMRC  |d 2025-04-23  |e Complimentary copy from Dr. Ahmed Mushtaque Raza Chowdhury (Former Vice Chairperson of BRAC)   |l 0  |o 362.1095492 SAT  |p 3010044387  |r 2025-04-23  |t 1  |w 2025-04-23  |y BK  |x Complimentary copy received from Dr. Ahmed Mushtaque Raza Chowdhury (Former Vice Chairperson of BRAC) on 17 April 2025